Německá řeč : cvičebnice německého jazyka pro měšťanské školy / Díl 3

Hlavní autor: Krůta, Josef, 1874-1950
Další autoři: Schäfer, Gustav, Topinka, Karel Jaromír, 1870-1944
Jazyk: Němčina
Čeština
Vydáno: V Praze : J. Krůta, G. Schäfer, K. J. Topinka, 1934
Fyzický popis: 96 s.
Knihy
Uloženo v:
LEADER 00886nam a22002412a 4500
001 000741545
003 CZ BrMZK
005 20090110152707.0
007 ta
008 041008s1934 xr er|||||||||||cze d
015 |a cnb000944184 
035 |a (OCoLC)85524219 
040 |a BOA001  |b cze 
041 0 |a ger  |a cze 
100 1 |a Krůta, Josef,  |d 1874-1950  |7 jk01063595  |4 aut 
245 1 0 |a Německá řeč :  |b cvičebnice německého jazyka pro měšťanské školy /  |c napsali Josef Krůta, Gustav Schäfer, Karel J. Topinka  |n Díl 3 
260 |a V Praze :  |b J. Krůta, G. Schäfer, K. J. Topinka,  |c 1934 
300 |a 96 s. 
700 1 |a Schäfer, Gustav  |7 jx20050707032  |4 aut 
700 1 |a Topinka, Karel Jaromír,  |d 1870-1944  |7 jk01132789  |4 aut 
910 |a BOA001  |b PK-II-0009.281,3 
990 |a BK 
996 6 |b BC-164945  |c PK-II-0009.281,3  |l MZK  |r Sklad / do 1 hodiny  |n 0  |w 000741545  |u 000010  |a 1  |e BOA001  |j MZK50  |s P